[Event "Madrid-chT 2122"]
[Site "Madrid"]
[Date "2022.02.05"]
[Round "8.6"]
[White "Rey Martinez, Jaime"]
[Black "Martinez Rubi, Alberto"]
[Result "1-0"]
[WhiteElo "2042"]
[BlackElo "2088"]
[PlyCount "85"]
[EventDate "2021.11.27"]
[EventType "team-tourn"]
[EventRounds "14"]
[EventCountry "ESP"]
[SourceTitle "Ajedrez en Madrid"]
[Source "lmi"]
[SourceDate "2021.11.28"]
[SourceVersion "1"]
[SourceVersionDate "2022.03.28"]
[SourceQuality "1"]
[WhiteTeam "Virgen de Atocha"]
[BlackTeam "Blanco y Negro"]
[WhiteTeamCountry "ESP"]
[BlackTeamCountry "ESP"]

1. e4 c5 2. Nf3 e6 3. d4 cxd4 4. Nxd4 Nc6 5. c4 Nf6 6. Nc3 Bb4 7. Nxc6 dxc6 8.
Bd3 e5 9. Bg5 h6 10. Bh4 Qd4 11. O-O Bxc3 12. bxc3 Qxc3 13. Bxf6 gxf6 14. Qf3
Ke7 15. Rfc1 Qd2 16. Be2 c5 17. Rab1 Qa5 18. Qh5 Qc7 19. Rb3 Be6 20. Rg3 Qc6
21. Bd3 Rad8 22. Qh4 Bc8 23. f4 Qd6 24. Rf1 Rdg8 25. Rgf3 Rg4 26. Qh5 exf4 27.
Be2 Rhg8 28. R3f2 R4g5 29. Qxh6 Qd4 30. Bf3 Qxc4 31. h4 R8g6 32. hxg5 Rxh6 33.
gxh6 Qa4 34. Bh5 Qe8 35. Rxf4 Qh8 36. Rxf6 Be6 37. Bxf7 Bg4 38. e5 Be2 39. R1f2
Bb5 40. Bd5 Be8 41. R2f5 b5 42. Rg5 c4 43. Rg8 1-0

[Event "Madrid-chT 2122"]
[Site "Madrid"]
[Date "2022.02.06"]
[Round "8.1"]
[White "Vazquez Igarza, Renier"]
[Black "Alfaya Marcelo, Roberto"]
[Result "1-0"]
[WhiteElo "2531"]
[BlackElo "2233"]
[PlyCount "87"]
[EventDate "2021.11.27"]
[EventType "team-tourn"]
[EventRounds "14"]
[EventCountry "ESP"]
[SourceTitle "Ajedrez en Madrid"]
[Source "lmi"]
[SourceDate "2021.11.28"]
[SourceVersion "1"]
[SourceVersionDate "2022.03.28"]
[SourceQuality "1"]
[WhiteTeam "Collado Villalba"]
[BlackTeam "San Sebastian de los Reyes"]
[WhiteTeamCountry "ESP"]
[BlackTeamCountry "ESP"]

1. e4 c5 2. Ne2 e5 3. Nec3 d6 4. Bc4 Be6 5. d3 g6 6. Nd5 Bg7 7. Nbc3 Nc6 8. h4
h6 9. Be3 Qd7 10. Qd2 O-O-O 11. b4 f5 12. f3 Nd4 13. Rb1 Nf6 14. bxc5 dxc5 15.
Nxf6 Bxf6 16. Nd5 Bxd5 17. Bxd5 b6 18. c3 Ne6 19. Qc2 Nf4 20. c4 Qe7 21. g3 Nh5
22. Qa4 Rxd5 23. cxd5 f4 24. Qc6+ Qc7 25. Qxc7+ Kxc7 26. gxf4 exf4 27. Bf2 Kd6
28. Rg1 g5 29. hxg5 Bxg5 30. Ke2 Rc8 31. a4 c4 32. a5 bxa5 33. dxc4 Rxc4 34.
Kd3 Ra4 35. Rgc1 Ra3+ 36. Rc3 Rxc3+ 37. Kxc3 Ng3 38. Kc4 Kc7 39. Bxa7 h5 40.
Bc5 h4 41. d6+ Kc6 42. Rb6+ Kd7 43. Kd5 h3 44. Rb7+ 1-0

[Event "Madrid-chT 2122"]
[Site "Madrid"]
[Date "2022.02.06"]
[Round "8.2"]
[White "Martinez Fernandez, Raul"]
[Black "Pulvett Marin, Daniel Eduardo"]
[Result "0-1"]
[WhiteElo "2229"]
[BlackElo "2499"]
[PlyCount "74"]
[EventDate "2021.11.27"]
[EventType "team-tourn"]
[EventRounds "14"]
[EventCountry "ESP"]
[SourceTitle "Ajedrez en Madrid"]
[Source "lmi"]
[SourceDate "2021.11.28"]
[SourceVersion "1"]
[SourceVersionDate "2022.03.28"]
[SourceQuality "1"]
[WhiteTeam "San Sebastian de los Reyes"]
[BlackTeam "Collado Villalba"]
[WhiteTeamCountry "ESP"]
[BlackTeamCountry "ESP"]

1. e4 e5 2. Nf3 Nc6 3. d4 exd4 4. Nxd4 Qf6 5. Be3 Bc5 6. c3 Nge7 7. g3 d5 8.
Bg2 Bxd4 9. cxd4 dxe4 10. Nc3 Bf5 11. Nxe4 Bxe4 12. Bxe4 O-O-O 13. Qb3 Nf5 14.
O-O-O Nfxd4 15. Bxd4 Rxd4 16. Rxd4 Qxd4 17. Bxc6 Qc5+ 18. Qc3 Qxc3+ 19. bxc3
bxc6 20. Re1 Kd7 21. Kc2 h5 22. h4 Rb8 23. Re4 Rb5 24. Ra4 Rf5 25. f4 a5 26. c4
Kc8 27. Ra3 Kb7 28. Rb3+ Ka6 29. Kd3 c5 30. Ke4 g6 31. Rb8 Ka7 32. Rb5 Ka6 33.
Rb8 Rf6 34. Kd5 Ka7 35. Rb3 a4 36. Ra3 Kb6 37. Rxa4 Re6 0-1

[Event "Madrid-chT 2122"]
[Site "Madrid"]
[Date "2022.02.06"]
[Round "8.3"]
[White "Martin Duque, Jesus"]
[Black "Reyes Peñas, Sebastian"]
[Result "1-0"]
[WhiteElo "2411"]
[BlackElo "2171"]
[PlyCount "115"]
[EventDate "2021.11.27"]
[EventType "team-tourn"]
[EventRounds "14"]
[EventCountry "ESP"]
[SourceTitle "Ajedrez en Madrid"]
[Source "lmi"]
[SourceDate "2021.11.28"]
[SourceVersion "1"]
[SourceVersionDate "2022.03.28"]
[SourceQuality "1"]
[WhiteTeam "Collado Villalba"]
[BlackTeam "San Sebastian de los Reyes"]
[WhiteTeamCountry "ESP"]
[BlackTeamCountry "ESP"]

1. c4 e5 2. Nc3 Nc6 3. Nf3 g6 4. d4 exd4 5. Nxd4 Bg7 6. Nxc6 bxc6 7. g3 Ne7 8.
Bg2 O-O 9. O-O d6 10. Qa4 Rb8 11. Rd1 c5 12. Qc2 Be6 13. b3 Qd7 14. Bb2 Bh3 15.
Ne4 Bxg2 16. Kxg2 Qc6 17. Bxg7 Kxg7 18. Kg1 f6 19. Rd2 h5 20. h4 Nf5 21. Nc3
Nd4 22. Qd1 Rfe8 23. Nd5 Qd7 24. e3 Nc6 25. Qf3 Re6 26. Rad1 Ne5 27. Qg2 a5 28.
Nf4 Ree8 29. Nd3 Nxd3 30. Rxd3 a4 31. Qf3 Rb4 32. Qd5 axb3 33. axb3 Qf7 34. Qf3
f5 35. Ra1 Reb8 36. Qd1 Qe8 37. Ra7 R8b7 38. Qa1+ Kf7 39. Ra3 Qe4 40. Qh8 Rb8
41. Qh7+ Kf6 42. Qxc7 Qxd3 43. Ra7 Qb1+ 44. Kh2 R8b7 45. Qxd6+ Kg7 46. Qe5+ Kh7
47. Ra8 Rb8 48. Qc7+ Kh6 49. Rxb8 Rxb8 50. Qxb8 Qb2 51. Kg2 Qc3 52. Qf8+ Kh7
53. Qxc5 Qxb3 54. Qd5 Kg7 55. Qd7+ Kf6 56. c5 Qc2 57. Qd6+ Kf7 58. Qd5+ 1-0

[Event "Madrid-chT 2122"]
[Site "Madrid"]
[Date "2022.02.06"]
[Round "8.4"]
[White "Hernandez Ramos, David"]
[Black "Quispe Arteaga, Gabriel"]
[Result "0-1"]
[WhiteElo "2110"]
[BlackElo "2385"]
[PlyCount "72"]
[EventDate "2021.11.27"]
[EventType "team-tourn"]
[EventRounds "14"]
[EventCountry "ESP"]
[SourceTitle "Ajedrez en Madrid"]
[Source "lmi"]
[SourceDate "2021.11.28"]
[SourceVersion "1"]
[SourceVersionDate "2022.03.28"]
[SourceQuality "1"]
[WhiteTeam "San Sebastian de los Reyes"]
[BlackTeam "Collado Villalba"]
[WhiteTeamCountry "ESP"]
[BlackTeamCountry "ESP"]

1. d4 Nf6 2. c4 e6 3. Nc3 Bb4 4. e3 O-O 5. Nge2 Re8 6. Qc2 d5 7. Ng3 Nbd7 8.
cxd5 exd5 9. Be2 Nf8 10. a3 Bd6 11. Nb5 Bxg3 12. hxg3 c6 13. Nc3 Bg4 14. Bd3
Bh5 15. Bd2 Bg6 16. Ne2 Bxd3 17. Qxd3 Qb6 18. O-O Ne4 19. Rfb1 Re6 20. b4 Rh6
21. Be1 Nd6 22. a4 a6 23. Nc3 Qd8 24. b5 Qg5 25. Qe2 axb5 26. axb5 Re8 27. bxc6
bxc6 28. Ra6 Nc4 29. Rb7 Rf6 30. Rc7 Qg6 31. Rca7 Rfe6 32. Ra8 f5 33. Qf3 Nxe3
34. Bd2 Ng4 35. Rxe8 Qxe8 36. Ra1 Qh5 0-1

[Event "Madrid-chT 2122"]
[Site "Madrid"]
[Date "2022.02.06"]
[Round "8.5"]
[White "Suarez Uriel, Adrian"]
[Black "Arroyo Martinez, Fernando"]
[Result "1-0"]
[WhiteElo "2348"]
[BlackElo "1879"]
[PlyCount "40"]
[EventDate "2021.11.27"]
[EventType "team-tourn"]
[EventRounds "14"]
[EventCountry "ESP"]
[SourceTitle "Ajedrez en Madrid"]
[Source "lmi"]
[SourceDate "2021.11.28"]
[SourceVersion "1"]
[SourceVersionDate "2022.03.28"]
[SourceQuality "1"]
[WhiteTeam "Collado Villalba"]
[BlackTeam "Collado Villalba"]
[WhiteTeamCountry "ESP"]
[BlackTeamCountry "ESP"]

1. e4 c5 2. Nf3 Nc6 3. Bb5 g6 4. Bxc6 dxc6 5. d3 Bg7 6. h3 Nf6 7. Nc3 Nd7 8.
Be3 b6 9. Qd2 Qc7 10. Bh6 O-O 11. h4 Nf6 12. h5 Bxh6 13. Qxh6 Ng4 14. Qd2 Kg7
15. O-O-O h6 16. hxg6 fxg6 17. e5 Be6 18. Rh4 Rh8 19. Rdh1 Raf8 20. Re1 Rf5 1-0

[Event "Madrid-chT 2122"]
[Site "Madrid"]
[Date "2022.02.06"]
[Round "8.6"]
[White "Karunanithi, Bharath"]
[Black "Garcia Dorado, Alberto"]
[Result "0-1"]
[WhiteElo "1697"]
[BlackElo "2246"]
[PlyCount "102"]
[EventDate "2021.11.27"]
[EventType "team-tourn"]
[EventRounds "14"]
[EventCountry "ESP"]
[SourceTitle "Ajedrez en Madrid"]
[Source "lmi"]
[SourceDate "2021.11.28"]
[SourceVersion "1"]
[SourceVersionDate "2022.03.28"]
[SourceQuality "1"]
[WhiteTeam "San Sebastian de los Reyes"]
[BlackTeam "Collado Villalba"]
[WhiteTeamCountry "ESP"]
[BlackTeamCountry "ESP"]

1. e4 c5 2. d3 Nc6 3. g3 g6 4. Bg2 Bg7 5. f4 d6 6. Nf3 e6 7. c3 Nge7 8. O-O O-O
9. Be3 b6 10. Na3 Ba6 11. Nc2 Qd7 12. Bf2 Rad8 13. g4 f6 14. Bh4 d5 15. Re1
dxe4 16. dxe4 Qc7 17. Qc1 e5 18. f5 Rd6 19. Ne3 Bd3 20. Nd2 gxf5 21. gxf5 Bh6
22. Qd1 Kh8 23. Qh5 Ng8 24. Nd5 Qf7 25. Qxf7 Rxf7 26. Nf1 Nce7 27. Nfe3 Rg7 28.
Kf2 Nxd5 29. Nxd5 Rgd7 30. Bf1 Bxe4 31. Rxe4 Rxd5 32. Bc4 Rd2+ 33. Re2 Rxe2+
34. Kxe2 Rd2+ 35. Kf3 Rxh2 36. Rg1 Bg5 37. Bxg5 fxg5 38. Ke4 Rh4+ 39. Kd5 Ne7+
40. Ke6 Nxf5 41. Kxf5 Rxc4 42. Rxg5 Rf4+ 43. Kxe5 Rf2 44. Rg4 Rxb2 45. Ra4 a5
46. Kd5 Kg7 47. Rg4+ Kf6 48. a4 h5 49. Rg8 Kf5 50. Rh8 Kg4 51. Rg8+ Kh3 0-1

[Event "Madrid-chT 2122"]
[Site "Madrid"]
[Date "2022.02.06"]
[Round "8.1"]
[White "Ingunza Curro, Andres"]
[Black "Candela Perez, Jose"]
[Result "1/2-1/2"]
[WhiteElo "2374"]
[BlackElo "2334"]
[PlyCount "66"]
[EventDate "2021.11.27"]
[EventType "team-tourn"]
[EventRounds "14"]
[EventCountry "ESP"]
[SourceTitle "Ajedrez en Madrid"]
[Source "lmi"]
[SourceDate "2021.11.28"]
[SourceVersion "1"]
[SourceVersionDate "2022.03.28"]
[SourceQuality "1"]
[WhiteTeam "Tajamar"]
[BlackTeam "Alcala de Henares"]
[WhiteTeamCountry "ESP"]
[BlackTeamCountry "ESP"]

1. e4 c5 2. Nf3 d6 3. d4 cxd4 4. Nxd4 Nf6 5. Nc3 a6 6. h4 b5 7. a4 b4 8. Nd5
Nxd5 9. exd5 Bb7 10. Nf5 g6 11. Qd4 Rg8 12. Nh6 Bxh6 13. Bxh6 Nd7 14. Qxb4 Bxd5
15. Qd4 Bb7 16. Rh3 Qa5+ 17. b4 Qe5+ 18. Be3 Qxd4 19. Bxd4 e5 20. Bb2 Ke7 21.
a5 Rgc8 22. c4 Rc7 23. Rc1 Rac8 24. Rhc3 Nb8 25. c5 dxc5 26. Ba3 Ke6 27. b5
axb5 28. Bxb5 Ba6 29. Ba4 Nd7 30. Bxd7+ Kxd7 31. Rxc5 Rxc5 32. Rxc5 Rxc5 33.
Bxc5 Kc6 1/2-1/2

[Event "Madrid-chT 2122"]
[Site "Madrid"]
[Date "2022.02.06"]
[Round "8.3"]
[White "Mkrtchyan, Levon"]
[Black "Fernandez Lledo, Javier"]
[Result "1/2-1/2"]
[WhiteElo "2272"]
[BlackElo "2243"]
[PlyCount "36"]
[EventDate "2021.11.27"]
[EventType "team-tourn"]
[EventRounds "14"]
[EventCountry "ESP"]
[SourceTitle "Ajedrez en Madrid"]
[Source "lmi"]
[SourceDate "2021.11.28"]
[SourceVersion "1"]
[SourceVersionDate "2022.03.28"]
[SourceQuality "1"]
[WhiteTeam "Tajamar"]
[BlackTeam "Alcala de Henares"]
[WhiteTeamCountry "ESP"]
[BlackTeamCountry "ESP"]

1. e4 c5 2. Nf3 e6 3. d4 cxd4 4. Nxd4 Nc6 5. Nc3 Qc7 6. Be3 Nf6 7. Qf3 a6 8.
O-O-O Ne5 9. Qg3 b5 10. Bxb5 Bb7 11. Ba4 Rc8 12. Rhe1 Nc4 13. Qxc7 Rxc7 14. Bg5
Bb4 15. Bxf6 gxf6 16. Nce2 Bc5 17. Rf1 Rg8 18. g3 Ne5 1/2-1/2

[Event "Madrid-chT 2122"]
[Site "Madrid"]
[Date "2022.02.06"]
[Round "8.4"]
[White "Palenciano Escolar, Adrian"]
[Black "Rodriguez Lopez, David"]
[Result "1/2-1/2"]
[WhiteElo "2131"]
[BlackElo "2153"]
[PlyCount "88"]
[EventDate "2021.11.27"]
[EventType "team-tourn"]
[EventRounds "14"]
[EventCountry "ESP"]
[SourceTitle "Ajedrez en Madrid"]
[Source "lmi"]
[SourceDate "2021.11.28"]
[SourceVersion "1"]
[SourceVersionDate "2022.03.28"]
[SourceQuality "1"]
[WhiteTeam "Alcala de Henares"]
[BlackTeam "Tajamar"]
[WhiteTeamCountry "ESP"]
[BlackTeamCountry "ESP"]

1. d4 d5 2. c4 e6 3. Nc3 Nf6 4. cxd5 exd5 5. Nf3 c6 6. h3 Bd6 7. Bg5 h6 8. Bxf6
Qxf6 9. e3 O-O 10. Bd3 Bf5 11. O-O Re8 12. Rb1 Nd7 13. b4 a6 14. a4 Qe6 15. Qc2
Bxd3 16. Qxd3 Nf6 17. Nd2 Qe7 18. Na2 g6 19. Rfc1 Kg7 20. Rc2 Bc7 21. Nf1 Ne4
22. Nc3 Nd6 23. a5 Nc4 24. Na4 Bd6 25. Qc3 f5 26. Nd2 Nxd2 27. Qxd2 Rf8 28. Nc5
Rae8 29. Rcb2 f4 30. Re1 f3 31. e4 Bf4 32. Qc3 Qg5 33. Qxf3 Bh2+ 34. Kxh2 Rxf3
35. gxf3 Qf6 36. e5 Qf4+ 37. Kg2 Qxd4 38. Rb3 Qd2 39. Ree3 d4 40. Re4 Qg5+ 41.
Kf1 Qc1+ 42. Kg2 Qg5+ 43. Kf1 Qc1+ 44. Kg2 Qg5+ 1/2-1/2

[Event "Madrid-chT 2122"]
[Site "Madrid"]
[Date "2022.02.06"]
[Round "8.5"]
[White "Sahuquillo Cruz, Alejandro"]
[Black "Yañez Rodriguez, Wilbert"]
[Result "1/2-1/2"]
[WhiteElo "2018"]
[BlackElo "2118"]
[PlyCount "64"]
[EventDate "2021.11.27"]
[EventType "team-tourn"]
[EventRounds "14"]
[EventCountry "ESP"]
[SourceTitle "Ajedrez en Madrid"]
[Source "lmi"]
[SourceDate "2021.11.28"]
[SourceVersion "1"]
[SourceVersionDate "2022.03.28"]
[SourceQuality "1"]
[WhiteTeam "Tajamar"]
[BlackTeam "Alcala de Henares"]
[WhiteTeamCountry "ESP"]
[BlackTeamCountry "ESP"]

1. e4 c5 2. Nf3 d6 3. d4 cxd4 4. Nxd4 Nf6 5. Nc3 g6 6. Be2 Bg7 7. Be3 O-O 8.
Qd2 Nc6 9. O-O Bd7 10. Nb3 a6 11. f3 Rc8 12. Na4 b5 13. Nb6 Rb8 14. Nd5 a5 15.
a4 b4 16. Bb5 Ne5 17. Qe2 Nxd5 18. exd5 Rc8 19. Nd4 Qc7 20. Bf2 Rfe8 21. h3 Nc4
22. Nc6 Ne5 23. Nd4 e6 24. dxe6 fxe6 25. b3 Nf7 26. Bxd7 Qxd7 27. Rad1 d5 28.
Rfe1 e5 29. Nb5 Qb7 30. Qd3 Rcd8 31. Bh4 g5 32. Bf2 Qc6 1/2-1/2

[Event "Madrid-chT 2122"]
[Site "Madrid"]
[Date "2022.02.06"]
[Round "8.6"]
[White "Sanchez Millan, Eduardo"]
[Black "Martinez Aragon, Aitor"]
[Result "1-0"]
[WhiteElo "2029"]
[BlackElo "1996"]
[PlyCount "53"]
[EventDate "2021.11.27"]
[EventType "team-tourn"]
[EventRounds "14"]
[EventCountry "ESP"]
[SourceTitle "Ajedrez en Madrid"]
[Source "lmi"]
[SourceDate "2021.11.28"]
[SourceVersion "1"]
[SourceVersionDate "2022.03.28"]
[SourceQuality "1"]
[WhiteTeam "Alcala de Henares"]
[BlackTeam "Tajamar"]
[WhiteTeamCountry "ESP"]
[BlackTeamCountry "ESP"]

1. d4 Nf6 2. c4 e6 3. Nc3 Bb4 4. Qc2 b6 5. a3 Bxc3+ 6. Qxc3 Bb7 7. f3 d5 8. Nh3
Nbd7 9. Bg5 h6 10. Bh4 O-O 11. cxd5 exd5 12. g4 c5 13. g5 Ne8 14. Rg1 Nd6 15.
Bf2 h5 16. Nf4 g6 17. Bh3 c4 18. Qc2 Kg7 19. Be6 Qe7 20. Bxd5 Rac8 21. Bxb7
Nxb7 22. e4 b5 23. Qc3 Kg8 24. Nd5 Qe6 25. Qb4 Rfe8 26. Qxb5 Nd6 27. Qxd7 1-0

[Event "Madrid-chT 2122"]
[Site "Madrid"]
[Date "2022.02.12"]
[Round "9.1"]
[White "Espinosa Aranda, Angel"]
[Black "Ingunza Curro, Andres"]
[Result "1/2-1/2"]
[WhiteElo "2450"]
[BlackElo "2374"]
[PlyCount "40"]
[EventDate "2021.11.27"]
[EventType "team-tourn"]
[EventRounds "14"]
[EventCountry "ESP"]
[SourceTitle "Ajedrez en Madrid"]
[Source "lmi"]
[SourceDate "2021.11.28"]
[SourceVersion "1"]
[SourceVersionDate "2022.03.28"]
[SourceQuality "1"]
[WhiteTeam "Virgen de Atocha"]
[BlackTeam "Tajamar"]
[WhiteTeamCountry "ESP"]
[BlackTeamCountry "ESP"]

1. d4 Nf6 2. c4 e6 3. Nc3 Bb4 4. e3 O-O 5. Nf3 b6 6. Bd2 Bb7 7. Bd3 Bxc3 8.
Bxc3 Ne4 9. Bxe4 Bxe4 10. d5 exd5 11. Qd4 f6 12. cxd5 Bxf3 13. gxf3 c5 14. Qf4
b5 15. b3 d6 16. Rg1 Qe7 17. Rg3 Nd7 18. Ke2 Rf7 19. Rag1 b4 20. Bb2 a5 1/2-1/2

[Event "Madrid-chT 2122"]
[Site "Madrid"]
[Date "2022.02.12"]
[Round "9.2"]
[White "Elissalt Cardenas, Hector"]
[Black "Rubio Mejia, Luis Ignacio"]
[Result "1/2-1/2"]
[WhiteElo "2288"]
[BlackElo "2409"]
[PlyCount "68"]
[EventDate "2021.11.27"]
[EventType "team-tourn"]
[EventRounds "14"]
[EventCountry "ESP"]
[SourceTitle "Ajedrez en Madrid"]
[Source "lmi"]
[SourceDate "2021.11.28"]
[SourceVersion "1"]
[SourceVersionDate "2022.03.28"]
[SourceQuality "1"]
[WhiteTeam "Tajamar"]
[BlackTeam "Virgen de Atocha"]
[WhiteTeamCountry "ESP"]
[BlackTeamCountry "ESP"]

1. d4 Nf6 2. c4 e6 3. Nc3 Bb4 4. e3 b6 5. Bd2 O-O 6. Qf3 d5 7. Bd3 Ba6 8. Qe2
Nbd7 9. cxd5 Bxd3 10. Qxd3 exd5 11. Nge2 Re8 12. f3 Bd6 13. O-O c5 14. Be1 Qc7
15. Bg3 Qc6 16. Bxd6 Qxd6 17. Ng3 Qc6 18. Rad1 Rad8 19. Kh1 g6 20. e4 dxe4 21.
Ngxe4 Nxe4 22. Nxe4 Nf6 23. Qc3 Nxe4 24. fxe4 Qxe4 25. dxc5 Rxd1 26. Rxd1 Qa4
27. b3 Qg4 28. Rg1 bxc5 29. Qxc5 a6 30. h3 Qe2 31. Qa5 Re5 32. Qd8+ Re8 33. Qa5
Re5 34. Qd8+ Re8 1/2-1/2

[Event "Madrid-chT 2122"]
[Site "Madrid"]
[Date "2022.02.12"]
[Round "9.3"]
[White "Almagro Llamas, Pablo"]
[Black "Mkrtchyan, Levon"]
[Result "1/2-1/2"]
[WhiteElo "2403"]
[BlackElo "2272"]
[PlyCount "73"]
[EventDate "2021.11.27"]
[EventType "team-tourn"]
[EventRounds "14"]
[EventCountry "ESP"]
[SourceTitle "Ajedrez en Madrid"]
[Source "lmi"]
[SourceDate "2021.11.28"]
[SourceVersion "1"]
[SourceVersionDate "2022.03.28"]
[SourceQuality "1"]
[WhiteTeam "Virgen de Atocha"]
[BlackTeam "Tajamar"]
[WhiteTeamCountry "ESP"]
[BlackTeamCountry "ESP"]

1. d4 d5 2. Nf3 Nf6 3. e3 e6 4. c4 dxc4 5. Bxc4 a6 6. O-O c5 7. b3 b5 8. Be2
Bb7 9. a4 bxa4 10. bxa4 Nc6 11. dxc5 Bxc5 12. Nbd2 O-O 13. Bb2 Qe7 14. Nc4 Rfd8
15. Qb3 Rab8 16. Rfd1 Nd5 17. Nfe5 f6 18. Nxc6 Bxc6 19. Qc2 Nb4 20. Qc3 Nd5 21.
Qc2 Nb4 22. Qc3 Rdc8 23. Rdc1 Be4 24. a5 Nd5 25. Qd2 Rd8 26. Qe1 Nb4 27. Qc3
Nd5 28. Qe1 Nb4 29. Qc3 Nd3 30. Rd1 Bb4 31. Ba3 Bxc3 32. Bxe7 Rd7 33. Ra3 Bb2
34. Nxb2 Rxb2 35. Bxd3 Rxd3 36. Raxd3 Bxd3 37. h3 1/2-1/2

[Event "Madrid-chT 2122"]
[Site "Madrid"]
[Date "2022.02.12"]
[Round "9.4"]
[White "Rodriguez Lopez, David"]
[Black "Rabadan Velasco, Raul"]
[Result "0-1"]
[WhiteElo "2153"]
[BlackElo "2174"]
[PlyCount "96"]
[EventDate "2021.11.27"]
[EventType "team-tourn"]
[EventRounds "14"]
[EventCountry "ESP"]
[SourceTitle "Ajedrez en Madrid"]
[Source "lmi"]
[SourceDate "2021.11.28"]
[SourceVersion "1"]
[SourceVersionDate "2022.03.28"]
[SourceQuality "1"]
[WhiteTeam "Tajamar"]
[BlackTeam "Virgen de Atocha"]
[WhiteTeamCountry "ESP"]
[BlackTeamCountry "ESP"]

1. e4 Nf6 2. Nc3 c5 3. g3 Nc6 4. Bg2 e5 5. d3 h5 6. h3 d6 7. Nge2 Be6 8. O-O
Qd7 9. Kh2 d5 10. f4 dxe4 11. dxe4 O-O-O 12. Qxd7+ Nxd7 13. Be3 Nb6 14. b3 Nd4
15. Rac1 Bd6 16. Ng1 h4 17. f5 hxg3+ 18. Kxg3 Bd7 19. Nce2 g6 20. fxg6 f5 21.
Kh2 Nxe2 22. Nxe2 f4 23. Rcd1 Kc7 24. Bc1 Rdg8 25. Bb2 Rxg6 26. Nxf4 exf4 27.
Bxh8 f3+ 28. e5 Rxg2+ 29. Kh1 Be7 30. Rxf3 Rg8 31. Rxd7+ Nxd7 32. Bf6 Rf8 33.
Kg2 Nxf6 34. exf6 Rxf6 35. Rc3 Kd6 36. Rc4 Ke5 37. a4 Rf4 38. Rc3 b6 39. Rd3
Bh4 40. Rd7 Rf2+ 41. Kg1 Rxc2 42. Rxa7 Rb2 43. a5 Rxb3 44. Rh7 Bg5 45. a6 Ra3
46. a7 c4 47. h4 Be3+ 48. Kf1 Ke4 0-1

[Event "Madrid-chT 2122"]
[Site "Madrid"]
[Date "2022.02.12"]
[Round "9.5"]
[White "Martinez Conde Hernandez, Carlos"]
[Black "Sahuquillo Cruz, Alejandro"]
[Result "1-0"]
[WhiteElo "2182"]
[BlackElo "2018"]
[PlyCount "91"]
[EventDate "2021.11.27"]
[EventType "team-tourn"]
[EventRounds "14"]
[EventCountry "ESP"]
[SourceTitle "Ajedrez en Madrid"]
[Source "lmi"]
[SourceDate "2021.11.28"]
[SourceVersion "1"]
[SourceVersionDate "2022.03.28"]
[SourceQuality "1"]
[WhiteTeam "Virgen de Atocha"]
[BlackTeam "Tajamar"]
[WhiteTeamCountry "ESP"]
[BlackTeamCountry "ESP"]

1. e4 c5 2. Nf3 Nc6 3. d4 cxd4 4. Nxd4 e5 5. Nb5 d6 6. c4 Be7 7. N1c3 a6 8. Na3
f5 9. exf5 Bxf5 10. Bd3 Be6 11. O-O Nf6 12. Nc2 O-O 13. Ne3 Nd4 14. b3 Rb8 15.
Ned5 b5 16. Be3 Nf5 17. Qe2 b4 18. Nxf6+ Rxf6 19. Ne4 Rg6 20. Ng3 Nxg3 21. fxg3
Rf6 22. Rxf6 Bxf6 23. Rd1 Bg5 24. Bf2 Qe7 25. c5 dxc5 26. Qxe5 Rd8 27. Bxc5 Qf6
28. Qe4 g6 29. Rf1 Bf5 30. Bc4+ Kg7 31. Qb7+ Rd7 32. Qxb4 Rd2 33. h4 Qc6 34.
Qc3+ Qf6 35. Qxf6+ Bxf6 36. Rf2 Rd1+ 37. Kh2 a5 38. Be2 Rd5 39. Be3 h5 40. Bf3
Rb5 41. Bf4 Rb4 42. Bd6 Rd4 43. Bc5 Rd8 44. Bb6 Rd3 45. Bxa5 Bd4 46. Rd2 1-0

[Event "Madrid-chT 2122"]
[Site "Madrid"]
[Date "2022.02.12"]
[Round "9.6"]
[White "Martinez Aragon, Aitor"]
[Black "Rey Martinez, Jaime"]
[Result "0-1"]
[WhiteElo "1996"]
[BlackElo "2042"]
[PlyCount "82"]
[EventDate "2021.11.27"]
[EventType "team-tourn"]
[EventRounds "14"]
[EventCountry "ESP"]
[SourceTitle "Ajedrez en Madrid"]
[Source "lmi"]
[SourceDate "2021.11.28"]
[SourceVersion "1"]
[SourceVersionDate "2022.03.28"]
[SourceQuality "1"]
[WhiteTeam "Tajamar"]
[BlackTeam "Virgen de Atocha"]
[WhiteTeamCountry "ESP"]
[BlackTeamCountry "ESP"]

1. e4 c5 2. Nf3 g6 3. d4 cxd4 4. Nxd4 Nf6 5. Nc3 Nc6 6. Nde2 Bg7 7. g3 O-O 8.
Bg2 d6 9. O-O Bd7 10. h3 Rc8 11. Be3 a6 12. a4 Qc7 13. Nd5 Nxd5 14. exd5 Ne5
15. c3 Nc4 16. Bc1 b5 17. axb5 axb5 18. Nd4 Na5 19. Re1 Bxd4 20. cxd4 Rfe8 21.
Bg5 f6 22. Rc1 Qb7 23. Rxc8 Qxc8 24. Bd2 Nc4 25. Bc3 Bxh3 26. Bxh3 Qxh3 27. b3
Nb6 28. Qe2 Qd7 29. Qe4 Qf5 30. Qe6+ Kg7 31. Bb4 Qxe6 32. dxe6 Nd5 33. Bd2 Ra8
34. Kf1 Ra2 35. Bf4 Nxf4 36. gxf4 f5 37. Rd1 Kf6 38. d5 Rb2 39. Rd3 Rc2 40. Kg2
h6 41. Rh3 Rd2 0-1

[Event "Madrid-chT 2122"]
[Site "Madrid"]
[Date "2022.02.12"]
[Round "9.1"]
[White "Moreno Trujillo, Alejandro"]
[Black "Vazquez Igarza, Renier"]
[Result "1/2-1/2"]
[WhiteElo "2493"]
[BlackElo "2531"]
[PlyCount "54"]
[EventDate "2021.11.27"]
[EventType "team-tourn"]
[EventRounds "14"]
[EventCountry "ESP"]
[SourceTitle "Ajedrez en Madrid"]
[Source "lmi"]
[SourceDate "2021.11.28"]
[SourceVersion "1"]
[SourceVersionDate "2022.03.28"]
[SourceQuality "1"]
[WhiteTeam "Villalba 64"]
[BlackTeam "Collado Villalba"]
[WhiteTeamCountry "ESP"]
[BlackTeamCountry "ESP"]

1. d4 Nf6 2. c4 e6 3. Nc3 Bb4 4. f3 d5 5. a3 Bxc3+ 6. bxc3 c5 7. cxd5 Nxd5 8.
dxc5 Qa5 9. e4 Nf6 10. Be3 O-O 11. Qb3 Nfd7 12. a4 Qc7 13. Qa3 b6 14. a5 bxc5
15. a6 c4 16. Qa5 Nb6 17. Ne2 Nc6 18. Qc5 Nd7 19. Qa3 Rb8 20. Nd4 Nce5 21. Be2
Nd3+ 22. Bxd3 cxd3 23. O-O Rb6 24. c4 Rxa6 25. Qxd3 Ne5 26. Nb5 Nxd3 27. Nxc7
Rc6 1/2-1/2